| 000 | 00463nam a2200181 a 4500 | ||
|---|---|---|---|
| 001 | 2467 | ||
| 005 | 20140414131920.0 | ||
| 008 | 050601s19uu xx 00 eng d | ||
| 020 | _a0-590-11882-X | ||
| 050 |
_aER _bM86 1977 |
||
| 100 | _aLobel, Arnold | ||
| 245 |
_aMouse soup / _cby Arnold Lobel. |
||
| 260 |
_aNew York : _bScholastic, _c1977. |
||
| 300 | _a63 p. : ill. ; cm. | ||
| 650 |
_aMouse _xFiction. |
||
| 650 | _aChildren stories. | ||
| 999 |
_c111716 _d111716 |
||